Geography Quiz

Random Geography or State Quiz
Score 0/11 Timer 02:00
0 Plays Today
% Ownership State % Correct
18.0%New York
88.3%
12.8%Rhode Island
80.7%
21.3%California
78.6%
16.7%Connecticut
75.2%
12.3%New Jersey
73.4%
8.7%Hawaii
72.6%
25.5%Delaware
72.6%
12.6%Massachusetts
72.3%
21.3%Maryland
70.5%
24.5%Florida
58.5%
20.2%Illinois
55.5%
Remove Ads.
Support Sporcle.
Get the best of Sporcle when you Go Orange. This ad-free experience offers more features, more stats, and more fun while also helping to support Sporcle. Thank you for becoming a member.

You're not logged in!

Compare scores with friends on all Sporcle quizzes.
OR
Log In

Show Comments

Extras

Top Quizzes Today


Score Distribution

Your Account Isn't Verified!

In order to create a playlist on Sporcle, you need to verify the email address you used during registration. Go to your Sporcle Settings to finish the process.

Report this User

Report this user for behavior that violates our Community Guidelines.

Details: